Taylor Swift - Compléter le nom des chansons #5 - Statistiques

Statistiques générales
  • Ce quiz a été pris 56 fois
  • Le résultat moyen est 19 sur 20
Statistiques - réponses
Hint Réponse % Correct
Don't Blame Me
100%
Shake It Off
100%
Begin Again
98%
I Don't Wanna Live Forever
98%
King Of My Heart
98%
The Smallest Man Who Ever Lived
98%
We Are Never Ever Getting Back Together
98%
White Horse
96%
The Fate of Ophelia
96%
Fresh Out The Slammer
96%
Our Song
96%
The Story Of Us
96%
You're On Your Own Kid
94%
Champagne Problems
94%
Cornelia Street
94%
The Great War
94%
Bye Bye Baby
91%
All Of The Girls You Loved Before
91%
False God
89%
Tell Me Why
85%
Aucun quiz correspondant
Distribution des résultats
% des personnes avec chaque résultat
Percentile par nombre de réponses
Votre historique - résultats
Vous n’avez pas pris ce quiz